|
|
|
|
| LEADER |
01185nam a2200265 a 4500 |
| 001 |
4378671 |
| 008 |
091008s1991 caua b 001 0 eng d |
| 010 |
|
|
|a 91021683
|
| 020 |
|
|
|a 1555423930
|
| 040 |
|
|
|a DLC
|c DLC
|d DLC
|
| 082 |
0 |
0 |
|a 371.96/7
|2 20
|
| 100 |
1 |
|
|a Means, Barbara,
|d 1949-
|
| 245 |
0 |
0 |
|a Teaching advanced skills to at-risk students :
|b views from research and practice /
|c Barbara Means, Carol Chelemer, and Michael S. Knapp, editors.
|
| 260 |
|
|
|a San Francisco :
|b Jossey-Bass Publishers,
|c 1991.
|
| 300 |
|
|
|a xxvii, 287 p. :
|b ill. ;
|c 24 cm.
|
| 490 |
0 |
|
|a The Jossey-Bass education series
|
| 504 |
|
|
|a Includes bibliographical references and index.
|
| 541 |
1 |
|
|e 00005140
|
| 650 |
|
0 |
|a Children with social disabilities
|x Education
|z United States.
|
| 650 |
|
0 |
|a Compensatory education
|z United States.
|
| 700 |
1 |
|
|a Chelemer, Carol,
|d 1948-
|
| 700 |
1 |
|
|a Knapp, Michael S.
|q (Michael Sturgis),
|d 1946-
|
| 852 |
4 |
|
|a Ayesha Abed Library
|j General shelf
|
| 999 |
|
|
|c 4470
|d 4470
|
| 952 |
|
|
|0 0
|1 0
|2 ddc
|4 0
|6 371_967000000000000_MEA_1991
|7 0
|9 4185
|a BRACUL
|b BRACUL
|c GEN
|d 2009-10-11
|g 0.00
|l 0
|o 371.967 MEA
|p 3010005140
|r 2009-10-11
|t 1
|w 2009-10-11
|y BK
|x No price found in the accession register.
|